000
00288nam a2200133 a 4500
005
20140414132011.0
008
101022s19uu xx 00 eng d
050
_a
VCD
_b
M88
100
_a
245
_a
Mulan.
250
_a
Special Edition
260
_b
Walt Disney.
999
_c
113289
_d
113289